[Event "Titled Tuesday intern op 30th Jul Early"]
[Site "Chess.com INT"]
[Date "2024.07.30"]
[Round "3"]
[White "Ngo, Duc Tri"]
[Black "Gurevich, Dmitry"]
[Result "1-0"]
[WhiteElo "2258"]
[BlackElo "2347"]
[PlyCount "45"]
[EventDate "2024.07.30"]
[EventType "swiss (blitz)"]
[EventRounds "11"]
[EventCountry "USA"]
[SourceTitle "EXT 2025"]
[Source "ChessBase"]
[SourceDate "2024.10.14"]
[SourceVersion "1"]
[SourceVersionDate "2024.10.14"]
[SourceQuality "1"]

1. c4 c5 2. Nf3 Nf6 3. g3 b6 4. Bg2 Bb7 5. 0-0 g6 6. Nc3 Bg7 7. d3 0-0 8. e4 d6 9. Re1 Nc6 10. Bg5 h6 11. Bf4 e6 12. a3 a6 13. Rb1 e5 14. Bd2 Ne8 15. b4 Nc7 16. bxc5 dxc5 17. Rxb6 Ra7 18. Nd5 Nd4 19. Qb1 Ba8 20. Nxd4 exd4 21. Bf4 Nxd5 22. exd5 g5 23. Bd6 1-0

[Event "Titled Tuesday intern op 30th Jul Early"]
[Site "Chess.com INT"]
[Date "2024.07.30"]
[Round "7"]
[White "Ngo, Duc Tri"]
[Black "Kosteniuk, Alexandra"]
[Result "1/2-1/2"]
[WhiteElo "2258"]
[BlackElo "2488"]
[PlyCount "134"]
[EventDate "2024.07.30"]
[EventType "swiss (blitz)"]
[EventRounds "11"]
[EventCountry "USA"]
[SourceTitle "EXT 2025"]
[Source "ChessBase"]
[SourceDate "2024.10.14"]
[SourceVersion "1"]
[SourceVersionDate "2024.10.14"]
[SourceQuality "1"]

1. Nc3 c6 2. d4 d5 3. g3 Nf6 4. Bg2 g6 5. e4 dxe4 6. Nxe4 Nxe4 7. Bxe4 Bg7 8. Nf3 Bg4 9. c3 Nd7 10. h3 Nf6 11. Bxc6+ bxc6 12. hxg4 Nxg4 13. Qa4 Qd5 14. Ke2 0-0 15. Be3 Nxe3 16. fxe3 Rab8 17. b3 Qe4 18. Qc4 Rb5 19. Qd3 Qg4 20. Rag1 Rd8 21. Rh4 Qe6 22. c4 Ra5 23. a4 Rb8 24. Nd2 c5 25. d5 Qc8 26. Rgh1 h6 27. Rf1 Ra6 28. Rhf4 Rf6 29. Rxf6 Bxf6 30. Ne4 Be5 31. Nd2 Qg4+ 32. Rf3 Bxg3 33. Qe4 Qxe4 34. Nxe4 Bd6 35. Nd2 g5 36. e4 f6 37. Nf1 h5 38. Rd3 h4 39. Ne3 Kf7 40. Nf5 Rh8 41. Rh3 Kg6 42. Kf3 Kh5 43. Ng7+ Kg6 44. Nf5 Kf7 45. Kg4 Be5 46. Rd3 Rb8 47. Ne3 Kg6 48. Nf5 Bd6 49. Re3 Rh8 50. Rh3 Rb8 51. Rf3 a6 52. Rd3 Re8 53. Rh3 Be5 54. Rf3 Bc7 55. Rd3 Bd6 56. Re3 Rh8 57. Rf3 Rb8 58. Rd3 Rb7 59. Re3 Rb8 60. Rf3 Rb7 61. Rd3 Rb8 62. Ne3 Rh8 63. Nf5 Rb8 64. Rf3 Rb7 65. Rh3 Rb8 66. Rc3 Rh8 67. Rd3 Rb8 1/2-1/2

[Event "Titled Tuesday intern op 30th Jul Early"]
[Site "Chess.com INT"]
[Date "2024.07.30"]
[Round "4"]
[White "Ngo, Duc Tri"]
[Black "Ozates, Tuna"]
[Result "1/2-1/2"]
[WhiteElo "2258"]
[BlackElo "2290"]
[PlyCount "77"]
[EventDate "2024.07.30"]
[EventType "swiss (blitz)"]
[EventRounds "11"]
[EventCountry "USA"]
[SourceTitle "EXT 2025"]
[Source "ChessBase"]
[SourceDate "2024.10.14"]
[SourceVersion "1"]
[SourceVersionDate "2024.10.14"]
[SourceQuality "1"]

1. e4 c5 2. Nc3 g6 3. g3 Bg7 4. Bg2 Nc6 5. Nge2 d6 6. d3 Bf8 7. d4 cxd4 8. Nxd4 Bg7 9. Be3 Nf6 10. Nxc6 bxc6 11. e5 Nd5 12. Nxd5 cxd5 13. Qxd5 Rb8 14. Bxa7 Rxb2 15. 0-0 Bb7 16. Qd4 Bxe5 17. Qa4+ Qd7 18. Qxd7+ Kxd7 19. Rfb1 Bxg2 20. Rxb2 Bxb2 21. Rb1 Bd5 22. Rxb2 Ra8 23. Be3 Rxa2 24. Rxa2 Bxa2 25. Kf1 e5 26. Ke2 d5 27. c3 Bc4+ 28. Kd2 f5 29. f4 exf4 30. Bxf4 Ke6 31. Ke3 Kf6 32. h4 Kg7 33. Kd4 Kf6 34. Be5+ Ke6 35. Bf4 Ba6 36. Bg5 Bc8 37. Bf4 Bd7 38. Be3 Bc6 39. Bf4 1/2-1/2

[Event "Titled Tuesday intern op 30th Jul Early"]
[Site "Chess.com INT"]
[Date "2024.07.30"]
[Round "2"]
[White "Wilk, Igor"]
[Black "Ngo, Duc Tri"]
[Result "0-1"]
[WhiteElo "2153"]
[BlackElo "2258"]
[PlyCount "78"]
[EventDate "2024.07.30"]
[EventType "swiss (blitz)"]
[EventRounds "11"]
[EventCountry "USA"]
[SourceTitle "EXT 2025"]
[Source "ChessBase"]
[SourceDate "2024.10.14"]
[SourceVersion "1"]
[SourceVersionDate "2024.10.14"]
[SourceQuality "1"]

1. e4 d6 2. d4 Nf6 3. Nc3 g6 4. Nf3 Bg7 5. Be2 0-0 6. 0-0 Nbd7 7. e5 Ne8 8. Bf4 Nb6 9. Re1 a5 10. a4 dxe5 11. dxe5 Bf5 12. Nd4 Bd7 13. Bf3 c6 14. b3 Nc7 15. Qe2 Ne6 16. Nxe6 Bxe6 17. Rad1 Qc8 18. h4 h5 19. Ne4 Nd5 20. Bg3 Bf5 21. c4 Nb4 22. Ng5 Rd8 23. Be4 Bxe4 24. Qxe4 Qg4 25. Qxg4 hxg4 26. Ne4 Nd3 27. Re2 b6 28. Red2 Rd4 29. Nc3 Rad8 30. Ne2 R4d7 31. Nf4 Nc5 32. Rxd7 Rxd7 33. Rxd7 Nxd7 34. e6 Nc5 35. exf7+ Kxf7 36. Kf1 Nxb3 37. Nd3 Nd2+ 38. Ke2 Nxc4 39. Bc7 Bd4 0-1

[Event "Titled Tuesday intern op 10th Oct Late"]
[Site "Chess.com INT"]
[Date "2023.10.10"]
[Round "9"]
[White "Bok, Benjamin"]
[Black "Ngo, Duc Tri"]
[Result "1-0"]
[WhiteElo "2621"]
[BlackElo "2243"]
[PlyCount "113"]
[EventDate "2023.10.10"]
[EventType "swiss (blitz)"]
[EventRounds "11"]
[EventCountry "USA"]
[SourceTitle "EXT 2025"]
[Source "ChessBase"]
[SourceDate "2024.10.14"]
[SourceVersion "1"]
[SourceVersionDate "2024.10.14"]
[SourceQuality "1"]

1. d4 d5 2. c4 c6 3. cxd5 cxd5 4. Nf3 Nc6 5. Nc3 Nf6 6. Bf4 a6 7. Rc1 Bf5 8. e3 e6 9. Qb3 Ra7 10. Be2 Bd6 11. Bxd6 Qxd6 12. 0-0 0-0 13. Na4 Ne4 14. Nc5 Bg4 15. Rfd1 Rc8 16. Nxb7 Qe7 17. Nc5 a5 18. Nxe4 dxe4 19. Rxc6 Rxc6 20. Qb8+ Qf8 21. Qxa7 exf3 22. Bxf3 Bxf3 23. gxf3 Rc2 24. Qxa5 Rxb2 25. d5 h6 26. dxe6 Rb8 27. exf7+ Kxf7 28. Qf5+ Kg8 29. Qxf8+ Rxf8 30. a4 Ra8 31. Ra1 Kf7 32. Kg2 Ra5 33. f4 Kf6 34. Kf3 Ke6 35. Ke4 Kd6 36. Rg1 Rxa4+ 37. Kf5 Ra7 38. Kg6 Ke6 39. e4 Ra4 40. f3 Ra3 41. Rg3 Ra7 42. h4 Rb7 43. h5 Ra7 44. Rg2 Ra3 45. Rf2 Ra7 46. Rb2 Ra3 47. Rb6+ Ke7 48. Rb7+ Kd6 49. Rxg7 Rxf3 50. f5 Rf4 51. Kxh6 Rxe4 52. f6 Ke6 53. f7 Ke7 54. Kg6 Rg4+ 55. Kh7 Rh4 56. Kg8 Rf4 57. f8Q+ 1-0

[Event "Titled Tuesday intern op 10th Oct Late"]
[Site "Chess.com INT"]
[Date "2023.10.10"]
[Round "4"]
[White "Ngo, Duc Tri"]
[Black "Morris Suzuki, Alan H"]
[Result "1-0"]
[WhiteElo "2243"]
[BlackElo "1652"]
[PlyCount "87"]
[EventDate "2023.10.10"]
[EventType "swiss (blitz)"]
[EventRounds "11"]
[EventCountry "USA"]
[SourceTitle "EXT 2025"]
[Source "ChessBase"]
[SourceDate "2024.10.14"]
[SourceVersion "1"]
[SourceVersionDate "2024.10.14"]
[SourceQuality "1"]

1. c4 Nf6 2. Nc3 g6 3. Nf3 Bg7 4. e3 0-0 5. d4 d6 6. Bd3 Nc6 7. d5 Nb4 8. Bb1 e5 9. 0-0 a5 10. Bd2 Na6 11. Na4 b6 12. e4 Nc5 13. Nc3 h6 14. a3 a4 15. Bc2 Bd7 16. Ne1 Nh5 17. Nd3 Qe8 18. g3 f5 19. Nxc5 bxc5 20. exf5 gxf5 21. Qe2 Rb8 22. Nb5 Bxb5 23. cxb5 Ra8 24. Bc3 Qg6 25. Kh1 Nf6 26. Rae1 Kh8 27. Qf3 e4 28. Qd1 Rae8 29. f3 e3 30. Qd3 Qg5 31. Re2 Rf7 32. Qxf5 Qxf5 33. Bxf5 Nxd5 34. Bg6 Nxc3 35. bxc3 Rfe7 36. Bxe8 Rxe8 37. Rfe1 Bxc3 38. Rxe3 Rxe3 39. Rxe3 Bb2 40. Re7 Bxa3 41. Rxc7 Bb4 42. b6 Ba5 43. Rc8+ Kg7 44. b7 1-0

[Event "VIE-ch"]
[Site "Ha Tien"]
[Date "2023.09.17"]
[Round "9"]
[White "Ngo, Duc Tri"]
[Black "Doan, Van Duc"]
[Result "0-1"]
[WhiteElo "2319"]
[BlackElo "2049"]
[PlyCount "45"]
[EventDate "2023.09.13"]
[EventType "swiss"]
[EventRounds "9"]
[EventCountry "VIE"]
[SourceTitle "CBM 216 Extra"]
[Source "ChessBase"]
[SourceDate "2023.11.30"]
[SourceVersion "1"]
[SourceVersionDate "2023.11.30"]
[SourceQuality "1"]

1. d4 Nf6 2. Bf4 d6 3. c4 g6 4. Nc3 Bg7 5. h3 0-0 6. Nf3 Nc6 7. e3 Nd7 8. Be2 e5 9. Bg5 f6 10. Bh4 g5 11. Bg3 f5 12. 0-0 Kh8 13. d5 Ncb8 14. Nd2 f4 15. Bh2 Nf6 16. Bd3 Nbd7 17. Nce4 h6 18. f3 Nxe4 19. Bxe4 Nc5 20. Bc2 a5 21. Kh1 Qf6 22. Bg1 b6 23. Rc1 0-1

[Event "VIE-ch"]
[Site "Ha Tien"]
[Date "2023.09.16"]
[Round "7"]
[White "Ngo, Duc Tri"]
[Black "Nguyen, Dinh Trung"]
[Result "0-1"]
[WhiteElo "2319"]
[BlackElo "1896"]
[PlyCount "92"]
[EventDate "2023.09.13"]
[EventType "swiss"]
[EventRounds "9"]
[EventCountry "VIE"]
[SourceTitle "CBM 216 Extra"]
[Source "ChessBase"]
[SourceDate "2023.11.30"]
[SourceVersion "1"]
[SourceVersionDate "2023.11.30"]
[SourceQuality "1"]

1. c4 c5 2. Nc3 Nc6 3. Nf3 d6 4. d4 cxd4 5. Nxd4 g6 6. e4 Bg7 7. Nc2 Bxc3+ 8. bxc3 Qa5 9. Bd2 Nf6 10. f3 Be6 11. Nd4 Bd7 12. Nb3 Qe5 13. Bd3 Nh5 14. Qc1 f5 15. f4 Qe6 16. Nd4 Nxd4 17. cxd4 fxe4 18. d5 Qf5 19. Be2 Nf6 20. Be3 b5 21. Qc3 Rf8 22. Rd1 Rc8 23. Qd4 bxc4 24. h3 Ba4 25. g4 Qd7 26. Rb1 Bc2 27. 0-0 Bxb1 28. Rxb1 Qc7 29. g5 Nh5 30. Bg4 Rb8 31. Rxb8+ Qxb8 32. Qxc4 Ng7 33. Qxe4 Nf5 34. Bf2 a6 35. h4 Qb2 36. h5 Qa1+ 37. Kg2 Qxa2 38. hxg6 Nh4+ 39. Kg3 Nxg6 40. Be3 Qa1 41. Qc4 Qe1+ 42. Bf2 Qxf2+ 43. Kxf2 Rxf4+ 44. Qxf4 Nxf4 45. Bf5 Nxd5 46. Bxh7 Kf7 0-1

[Event "Titled Tuesday intern op 25th Jul Early"]
[Site "Chess.com INT"]
[Date "2023.07.25"]
[Round "6"]
[White "Ngo, Duc Tri"]
[Black "Morris Suzuki, Alan H"]
[Result "0-1"]
[WhiteElo "2324"]
[BlackElo "1652"]
[PlyCount "42"]
[EventDate "2023.07.25"]
[EventType "swiss (blitz)"]
[EventRounds "11"]
[EventCountry "USA"]
[SourceTitle "EXT 2024"]
[Source "ChessBase"]
[SourceDate "2023.10.10"]
[SourceVersion "1"]
[SourceVersionDate "2023.10.10"]
[SourceQuality "1"]

1. c4 Nf6 2. Nc3 g6 3. e4 d6 4. d4 Bg7 5. Be3 Ng4 6. Bf4 e5 7. dxe5 Nxe5 8. Be2 Be6 9. Bxe5 Bxe5 10. Nf3 Bg7 11. 0-0 Nc6 12. Rc1 Ne5 13. Nd2 h5 14. f4 Ng4 15. Bxg4 Bd4+ 16. Kh1 hxg4 17. g3 Qf6 18. Qe2 0-0-0 19. f5 gxf5 20. exf5 Rxh2+ 21. Qxh2 Rh8 0-1

[Event "Titled Tuesday intern op 18th Jul Early"]
[Site "Chess.com INT"]
[Date "2023.07.18"]
[Round "6"]
[White "Ngo, Duc Tri"]
[Black "Duda, Jan Krzysztof"]
[Result "0-1"]
[WhiteElo "2324"]
[BlackElo "2732"]
[PlyCount "58"]
[EventDate "2023.07.18"]
[EventType "swiss (blitz)"]
[EventRounds "11"]
[EventCountry "USA"]
[SourceTitle "EXT 2024"]
[Source "ChessBase"]
[SourceDate "2023.10.10"]
[SourceVersion "1"]
[SourceVersionDate "2023.10.10"]
[SourceQuality "1"]

1. c4 e6 2. Nc3 f5 3. d4 Bb4 4. g3 Bxc3+ 5. bxc3 Nf6 6. Bg2 0-0 7. Nf3 Ne4 8. Qb3 b6 9. 0-0 Nc6 10. Nd2 Bb7 11. Nxe4 Na5 12. Qc2 Bxe4 13. Bxe4 fxe4 14. Qxe4 Nxc4 15. d5 Nd6 16. Qd3 Re8 17. Ba3 Nf7 18. c4 Qf6 19. Rac1 d6 20. Rc2 Qf5 21. e4 Qg6 22. f3 Re7 23. Bb2 Rf8 24. Kg2 Qh5 25. f4 Rfe8 26. Re1 Nd8 27. e5 dxe5 28. Rxe5 Qg6 29. Qe3 Qxc2+ 0-1

[Event "Titled Tuesday intern op 18th Jul Early"]
[Site "Chess.com INT"]
[Date "2023.07.18"]
[Round "7"]
[White "Siniauski, Artsiom"]
[Black "Ngo, Duc Tri"]
[Result "1-0"]
[WhiteElo "2253"]
[BlackElo "2324"]
[PlyCount "65"]
[EventDate "2023.07.18"]
[EventType "swiss (blitz)"]
[EventRounds "11"]
[EventCountry "USA"]
[SourceTitle "EXT 2024"]
[Source "ChessBase"]
[SourceDate "2023.10.10"]
[SourceVersion "1"]
[SourceVersionDate "2023.10.10"]
[SourceQuality "1"]

1. e4 e5 2. Nf3 Nc6 3. Bb5 a6 4. Ba4 Nf6 5. Bxc6 dxc6 6. d3 Qe7 7. b3 h6 8. Bb2 Nd7 9. Nbd2 g5 10. Nc4 Bg7 11. Qe2 c5 12. 0-0-0 b5 13. Ne3 Nb6 14. h4 g4 15. Nd2 h5 16. Ndf1 Bh6 17. Ng3 f6 18. Kb1 Be6 19. Nef5 Qf7 20. Nxh6 Rxh6 21. Qe3 Qf8 22. Ba3 b4 23. Bb2 a5 24. f4 gxf3 25. gxf3 a4 26. f4 axb3 27. axb3 c4 28. dxc4 Bxc4 29. fxe5 fxe5 30. Nf5 Rc6 31. Qg3 Be6 32. Qxe5 Rd6 33. Nxd6+ 1-0

[Event "Titled Tuesday intern op 04th Jul Early"]
[Site "Chess.com INT"]
[Date "2023.07.04"]
[Round "4"]
[White "Ngo, Duc Tri"]
[Black "Ladan, Nicholas John"]
[Result "0-1"]
[WhiteElo "2324"]
[BlackElo "2260"]
[PlyCount "74"]
[EventDate "2023.07.04"]
[EventType "swiss (blitz)"]
[EventRounds "11"]
[EventCountry "USA"]
[SourceTitle "EXT 2024"]
[Source "ChessBase"]
[SourceDate "2023.10.10"]
[SourceVersion "1"]
[SourceVersionDate "2023.10.10"]
[SourceQuality "1"]

1. e4 e5 2. Nf3 Nc6 3. Bb5 a6 4. Ba4 Nge7 5. c3 Ng6 6. d4 b5 7. Bb3 exd4 8. cxd4 Bb4+ 9. Nc3 0-0 10. 0-0 d6 11. Bg5 Qe8 12. Nd5 Ba5 13. Rc1 Bg4 14. Be3 Nh4 15. Nxc7 Bxc7 16. Bd5 Qc8 17. Bg5 Nxf3+ 18. gxf3 Bh3 19. Re1 Ba5 20. Rxc6 Qd7 21. Re3 Rac8 22. Qc2 Rxc6 23. Qxc6 Rc8 24. Rc3 Rxc6 25. Rxc6 h6 26. Bf4 Qe7 27. Rxa6 Be1 28. Bxd6 Qh4 29. Bg3 Qg5 30. Ra8+ Kh7 31. Bxf7 Qf6 32. Bg8+ Kg6 33. f4 Bxf2+ 34. Bxf2 Qxf4 35. Ra6+ Kh5 36. Ra3 Qc1+ 37. Be1 Qxe1# 0-1

[Event "Hanoi GM-B"]
[Site "Hanoi"]
[Date "2023.06.03"]
[Round "9"]
[White "Siddharth, Jagadeesh"]
[Black "Ngo, Duc Tri"]
[Result "1-0"]
[WhiteElo "2381"]
[BlackElo "2345"]
[PlyCount "86"]
[EventDate "2023.05.30"]
[EventType "schev"]
[EventRounds "9"]
[EventCountry "VIE"]
[EventCategory "6"]
[SourceTitle "EXT 2024"]
[Source "ChessBase"]
[SourceDate "2023.10.10"]
[SourceVersion "1"]
[SourceVersionDate "2023.10.10"]
[SourceQuality "1"]

1. e4 e5 2. Nf3 Nc6 3. Bc4 Bc5 4. c3 Nf6 5. d3 d6 6. Bg5 h6 7. Bh4 a6 8. Nbd2 Ba7 9. 0-0 g5 10. Bg3 Na5 11. Bd5 c6 12. Bxf7+ Kxf7 13. b4 Be6 14. bxa5 Qxa5 15. d4 Qxc3 16. dxe5 Nh5 17. Rc1 Qa3 18. Nc4 Bxc4 19. Rxc4 Nxg3 20. hxg3 dxe5 21. Qd7+ Qe7 22. Nxe5+ Kf6 23. Qf5+ Kg7 24. Rc3 Rhf8 25. Qg6+ Kh8 26. Qxh6+ Kg8 27. Ng6 Qg7 28. Qxg7+ Kxg7 29. Nxf8 Rxf8 30. Rf3 Rd8 31. e5 Bd4 32. e6 Bf6 33. Re1 Re8 34. Rd3 c5 35. Rd6 Re7 36. Rb6 Kg6 37. Reb1 g4 38. Rxb7 Rxe6 39. R7b6 Re2 40. Rc6 Kf5 41. Rxc5+ Ke6 42. Rb6+ Ke7 43. Rc7+ Kd8 1-0

[Event "Hanoi GM-B"]
[Site "Hanoi"]
[Date "2023.06.01"]
[Round "5"]
[White "Mohammad Fahad, Rahman"]
[Black "Ngo, Duc Tri"]
[Result "1-0"]
[WhiteElo "2396"]
[BlackElo "2345"]
[PlyCount "65"]
[EventDate "2023.05.30"]
[EventType "schev"]
[EventRounds "9"]
[EventCountry "VIE"]
[EventCategory "6"]
[SourceTitle "EXT 2024"]
[Source "ChessBase"]
[SourceDate "2023.10.10"]
[SourceVersion "1"]
[SourceVersionDate "2023.10.10"]
[SourceQuality "1"]

1. d4 Nf6 2. c4 e6 3. Nf3 d5 4. Nc3 Nbd7 5. Bg5 c6 6. e3 Bb4 7. Bd3 Qa5 8. 0-0 Bxc3 9. bxc3 dxc4 10. Bxc4 Qxc3 11. Qe2 e5 12. e4 Qa5 13. Rac1 0-0 14. Bd2 Qc7 15. Bb4 exd4 16. Bxf8 Nxf8 17. e5 d3 18. Qxd3 N6d7 19. Ng5 Nxe5 20. Qg3 Qa5 21. Bb3 Be6 22. Nxe6 fxe6 23. f4 Nf7 24. f5 exf5 25. Qe3 Ng6 26. Qe6 Ngh8 27. Rxf5 Qc7 28. Rd1 g6 29. Rxf7 Nxf7 30. Rd7 Qf4 31. Rxf7 Qd4+ 32. Kh1 Kh8 33. h3 1-0

[Event "Hanoi GM-B"]
[Site "Hanoi"]
[Date "2023.05.31"]
[Round "4"]
[White "Ngo, Duc Tri"]
[Black "Wong, Zhenyong Jayden"]
[Result "1-0"]
[WhiteElo "2345"]
[BlackElo "2348"]
[PlyCount "76"]
[EventDate "2023.05.30"]
[EventType "schev"]
[EventRounds "9"]
[EventCountry "VIE"]
[EventCategory "6"]
[SourceTitle "EXT 2024"]
[Source "ChessBase"]
[SourceDate "2023.10.10"]
[SourceVersion "1"]
[SourceVersionDate "2023.10.10"]
[SourceQuality "1"]

1. Nf3 c5 2. d3 Nc6 3. g3 g6 4. Bg2 Bg7 5. c3 e5 6. e4 Nge7 7. Be3 d6 8. Qc1 h6 9. 0-0 f5 10. h4 Be6 11. a4 Na5 12. Ra3 fxe4 13. dxe4 Nc4 14. Ra1 Qb6 15. Na3 Nxe3 16. Qxe3 Bf6 17. Rfd1 0-0-0 18. Nd2 g5 19. Ndc4 Qa6 20. Bf1 Qc6 21. h5 Kb8 22. Na5 Qb6 23. N5c4 Qc6 24. b4 d5 25. Nxe5 Qc7 26. Nd3 cxb4 27. Nb5 Qb6 28. Nc5 Nc8 29. a5 Qc6 30. e5 Bg7 31. a6 b6 32. Nd4 Qxc5 33. cxb4 Qc7 34. Nxe6 Qxe5 35. Qxe5+ Bxe5 36. Nxd8 Bxa1 37. Rxd5 Bf6 38. Rd7 Rxd8 1-0

[Event "VIE-chT"]
[Site "Hanoi"]
[Date "2023.04.20"]
[Round "4"]
[White "Tran, Ngoc Lan"]
[Black "Ngo, Duc Tri"]
[Result "1/2-1/2"]
[WhiteElo "2163"]
[BlackElo "2345"]
[PlyCount "45"]
[EventDate "2023.04.18"]
[EventType "swiss"]
[EventRounds "9"]
[EventCountry "VIE"]
[SourceTitle "EXT 2024"]
[Source "ChessBase"]
[SourceDate "2023.10.10"]
[SourceVersion "1"]
[SourceVersionDate "2023.10.10"]
[SourceQuality "1"]

1. e4 e6 2. d4 d5 3. exd5 exd5 4. Bd3 Bd6 5. Nf3 Nf6 6. 0-0 0-0 7. h3 h6 8. c3 c5 9. Re1 Nc6 10. Nbd2 Bd7 11. dxc5 Bxc5 12. Nb3 Bb6 13. Qc2 Rc8 14. Be3 Re8 15. Bxb6 Qxb6 16. Qd2 a5 17. Rxe8+ Rxe8 18. Re1 Rxe1+ 19. Nxe1 a4 20. Nd4 Nxd4 21. cxd4 Qc7 22. Qc2 Qf4 23. Qc3 1/2-1/2

[Event "Wch U18"]
[Site "Mamaia"]
[Date "2022.09.13"]
[Round "8"]
[White "Ngo, Duc Tri"]
[Black "Fecker, Noah"]
[Result "0-1"]
[WhiteElo "2087"]
[BlackElo "2382"]
[PlyCount "108"]
[EventDate "2022.09.06"]
[EventType "swiss"]
[EventRounds "11"]
[EventCountry "ROU"]
[SourceTitle "CBM 210 Extra"]
[Source "ChessBase"]
[SourceDate "2022.11.30"]
[SourceVersion "1"]
[SourceVersionDate "2022.11.30"]
[SourceQuality "1"]

1. d4 d5 2. Nf3 e6 3. Bf4 Nf6 4. e3 c5 5. Nc3 a6 6. dxc5 Bxc5 7. Bd3 Nc6 8. 0-0 Nb4 9. Be2 0-0 10. Bg5 h6 11. Bh4 Be7 12. Nd4 Bd7 13. f4 Rc8 14. Kh1 Nc6 15. Nb3 Qb6 16. Bf2 Qc7 17. Bh4 Ne4 18. Nxe4 Bxh4 19. Nec5 Be8 20. c3 Ne7 21. Bd3 Qb6 22. Qg4 Bf6 23. e4 g6 24. exd5 Nxd5 25. Ne4 Bg7 26. Qe2 a5 27. Rab1 Bc6 28. c4 Nb4 29. c5 Qc7 30. Bc4 Bxe4 31. Qxe4 a4 32. a3 Nc6 33. Nd2 Rfd8 34. Qc2 Na5 35. Ne4 Nxc4 36. Qxc4 Rd4 37. Qe2 Rcd8 38. b3 Qc6 39. Nd6 b6 40. b4 bxc5 41. bxc5 Rd5 42. Nb7 Rb8 43. Na5 Qc7 44. Rxb8+ Qxb8 45. Qc4 Qc7 46. Qxa4 Rxc5 47. Nb3 Rc4 48. Qa8+ Kh7 49. Qf3 Rc3 50. Qd1 Qb7 51. Rf3 Qxb3 52. Qf1 Rxf3 53. gxf3 Qxa3 54. Kg2 Qe3 0-1

[Event "Wch U18"]
[Site "Mamaia"]
[Date "2022.09.06"]
[Round "1"]
[White "Fromm, Marius"]
[Black "Ngo, Duc Tri"]
[Result "1-0"]
[WhiteElo "2408"]
[BlackElo "2087"]
[PlyCount "117"]
[EventDate "2022.09.06"]
[EventType "swiss"]
[EventRounds "11"]
[EventCountry "ROU"]
[SourceTitle "CBM 210 Extra"]
[Source "ChessBase"]
[SourceDate "2022.11.30"]
[SourceVersion "1"]
[SourceVersionDate "2022.11.30"]
[SourceQuality "1"]

1. e4 c6 2. d4 d5 3. exd5 cxd5 4. Bd3 Nc6 5. c3 Nf6 6. h3 e5 7. dxe5 Nxe5 8. Nf3 Nxd3+ 9. Qxd3 Be7 10. 0-0 0-0 11. Be3 Be6 12. Nbd2 Qc8 13. Nd4 Bd6 14. Bg5 Nd7 15. Rfe1 Re8 16. Rad1 Ne5 17. Qf1 f6 18. Nxe6 Qxe6 19. Bf4 Qf5 20. Bxe5 Bxe5 21. Nf3 Rad8 22. Qb5 Qd7 23. Qb3 Qf7 24. Rd3 Rd7 25. Red1 Red8 26. Qa4 a6 27. R1d2 Qe6 28. Qd1 Bf4 29. Re2 Qf7 30. a3 Bd6 31. g3 Bc5 32. Nd4 Re8 33. Rxe8+ Qxe8 34. Nb3 Bb6 35. Qf3 Qe6 36. Kg2 g6 37. h4 Kf7 38. h5 Qe5 39. hxg6+ hxg6 40. Nc1 Rd8 41. Ne2 Qe4 42. Nf4 Qxf3+ 43. Kxf3 d4 44. c4 Rc8 45. Rb3 Rc6 46. Nd5 Bc5 47. Rxb7+ Ke6 48. Nf4+ Kf5 49. g4+ Kg5 50. b4 Bd6 51. Ne6+ Kh6 52. c5 Be5 53. Nd8 Rc7 54. Rxc7 Bxc7 55. Ne6 Be5 56. Ke4 f5+ 57. gxf5 gxf5+ 58. Kxe5 d3 59. Nd4 1-0

[Event "Hanoi op"]
[Site "Hanoi"]
[Date "2022.08.29"]
[Round "9"]
[White "Ngo, Duc Tri"]
[Black "Nguyen, Quoc Hy"]
[Result "0-1"]
[WhiteElo "2059"]
[BlackElo "2268"]
[PlyCount "60"]
[EventDate "2022.08.20"]
[EventType "swiss"]
[EventRounds "9"]
[EventCountry "VIE"]
[SourceTitle "CBM 209 Extra"]
[Source "ChessBase"]
[SourceDate "2022.09.30"]
[SourceVersion "1"]
[SourceVersionDate "2022.09.30"]
[SourceQuality "1"]

1. Nf3 d5 2. d4 Nf6 3. c4 c6 4. b3 Bf5 5. g3 e6 6. Nbd2 dxc4 7. bxc4 Bb4 8. Qb3 c5 9. a3 Bxd2+ 10. Bxd2 cxd4 11. Bg2 0-0 12. Rd1 Nc6 13. Qxb7 Be4 14. 0-0 Rb8 15. Qa6 e5 16. Ne1 Qc8 17. Qa4 Bxg2 18. Kxg2 e4 19. Bf4 Rb2 20. Nc2 Rd8 21. Rb1 Rxb1 22. Rxb1 h6 23. c5 Nd5 24. Bd2 Qe6 25. Kg1 Nf6 26. Ne1 e3 27. fxe3 Ne4 28. Ba5 Nxc5 29. Qc2 Qxe3+ 30. Kh1 Nxa5 0-1

[Event "Hanoi FM"]
[Site "Hanoi"]
[Date "2022.08.02"]
[Round "3"]
[White "Hoang, Minh Hieu"]
[Black "Ngo, Duc Tri"]
[Result "1/2-1/2"]
[WhiteElo "1938"]
[BlackElo "2059"]
[PlyCount "29"]
[EventDate "2022.08.01"]
[EventType "tourn"]
[EventRounds "7"]
[EventCountry "VIE"]
[SourceTitle "EXT 2024"]
[Source "ChessBase"]
[SourceDate "2023.10.10"]
[SourceVersion "1"]
[SourceVersionDate "2023.10.10"]
[SourceQuality "1"]

1. d4 d5 2. c4 c6 3. Nc3 dxc4 4. a4 Nf6 5. Nf3 Bf5 6. e3 e6 7. Bxc4 Bb4 8. 0-0 0-0 9. Qe2 Bg6 10. Ne5 Nbd7 11. Nxg6 hxg6 12. e4 e5 13. d5 Qa5 14. dxc6 bxc6 15. Na2 1/2-1/2

[Event "VIE-ch U20"]
[Site "Ho Chi Minh City"]
[Date "2022.07.14"]
[Round "5"]
[White "Nguyen, Minh Dat"]
[Black "Ngo, Duc Tri"]
[Result "0-1"]
[WhiteElo "2250"]
[BlackElo "2242"]
[PlyCount "197"]
[EventDate "2022.07.11"]
[EventType "swiss"]
[EventRounds "9"]
[EventCountry "VIE"]
[SourceTitle "EXT 2023"]
[Source "ChessBase"]
[SourceDate "2022.10.05"]
[SourceVersion "1"]
[SourceVersionDate "2022.10.05"]
[SourceQuality "1"]

1. e4 e5 2. Nf3 Nc6 3. Bb5 a6 4. Ba4 Nf6 5. 0-0 Nxe4 6. d4 b5 7. Bb3 d5 8. Nxe5 Nxe5 9. dxe5 c6 10. Be3 Nc5 11. c3 Nxb3 12. axb3 Be7 13. b4 0-0 14. Nd2 f6 15. Bd4 fxe5 16. Bxe5 Qe8 17. f4 Qg6 18. Kh1 Bf5 19. Qe1 Bf6 20. Bxf6 Rxf6 21. Nf3 Be4 22. Qg3 Qh5 23. Qg5 Qf7 24. Ne5 Qe6 25. Qg4 Rf5 26. Nf3 h5 27. Qh4 Raf8 28. Ng5 Qf6 29. Qxh5 Rxf4 30. Rxf4 Qxf4 31. Rg1 Bf5 32. Nf3 Bg4 33. Qg5 Bxf3 34. Qxf4 Rxf4 35. gxf3 Rxf3 36. Ra1 Kh7 37. Rxa6 Rf6 38. Kg2 Rd6 39. Kf3 Re6 40. h3 Kg6 41. Kg4 Kf6 42. h4 g6 43. Rb6 Re4+ 44. Kg3 Rc4 45. Rb8 d4 46. Rf8+ Ke6 47. Rf3 Ke5 48. Rd3 dxc3 49. bxc3 Re4 50. Kh3 Rc4 51. Rg3 Kf6 52. Rf3+ Kg7 53. Rd3 Re4 54. Rg3 Kh6 55. Rg4 Re3+ 56. Rg3 Re5 57. Rd3 Kh5 58. Rg3 Rf5 59. Rg4 Re5 60. Rg3 Kh6 61. Rd3 Re4 62. Rg3 Re1 63. Rg4 Rh1+ 64. Kg2 Rc1 65. Rg3 Kh5 66. Rg5+ Kxh4 67. Rxg6 Rxc3 68. Kf2 Kh5 69. Rd6 Kg4 70. Ke2 Kf4 71. Rd4+ Ke5 72. Rd2 Rc4 73. Rb2 Kd5 74. Rb3 Rc1 75. Kd2 Kc4 76. Rb2 Ra1 77. Rc2+ Kd5 78. Rc5+ Kd6 79. Rg5 Ra3 80. Kc2 Re3 81. Rh5 Re5 82. Rh8 Kd5 83. Kd3 Rg5 84. Rd8+ Ke6 85. Re8+ Kd7 86. Rh8 Rg3+ 87. Kd4 Rg4+ 88. Kc3 Rg3+ 89. Kc2 Kd6 90. Rh5 Re3 91. Rg5 Re4 92. Kc3 Re5 93. Rg8 Re3+ 94. Kc2 Kd5 95. Rg5+ Re5 96. Rg4 Re4 97. Rg5+ Kc4 98. Rc5+ Kxb4 99. Rxc6 0-1